| 000 | 00780cam a22002297a 4500 | ||
|---|---|---|---|
| 001 | 17254455 | ||
| 005 | 20121122140848.0 | ||
| 008 | 120413s2011 enka b 001 0 eng d | ||
| 020 | _a1107008735 | ||
| 020 | _a9781107008731 | ||
| 082 | 0 | 4 |
_a621.3822 _222 _bGAM |
| 100 | 1 |
_aEl Gamal, Abbas A. _931421 |
|
| 245 | 1 | 0 |
_aNetwork Information Theory / _cAbbas El Gamal, Young-Han Kim. |
| 260 |
_aCambridge ; _aNew York : _bCambridge University Press, _c2011. |
||
| 300 |
_axxviii, 685 p. : _bgraphs ; _c26 cm. |
||
| 504 | _aIncludes bibliographical references (p. [643]-663) and indexes. | ||
| 650 | 0 |
_aComputer networks _vTextbooks. _931422 |
|
| 650 | 0 |
_aInformation theory _vTextbooks. _931423 |
|
| 653 |
_bEle _cNovember2012 |
||
| 700 | 1 |
_aKim, Young-Han. _931424 |
|
| 942 |
_2ddc _cBB |
||
| 999 |
_c17099 _d17071 |
||